| Tag |
First Indicator |
Second Indicator |
Subfields |
| LEADER |
00000cam a2200000 a 4500 |
| 001 |
in00001237684 |
| 005 |
20151003071841.0 |
| 008 |
821228s1982 dcuak tb f000 0 eng d |
| 035 |
|
|
|a (OCoLC)09088044
|
| 035 |
|
|
|9 AGT5303AM
|
| 040 |
|
|
|a TRL
|c TRL
|d GPO
|d TXA
|d UtOrBLW
|
| 049 |
|
|
|a TXAS [tamu]
|
| 074 |
|
|
|a 982-K-5 (microfiche)
|
| 086 |
0 |
|
|a TD 10.11:50/82/1
|
| 088 |
|
|
|a DOT/RSPA/DMA-50/82/1
|
| 090 |
|
|
|a HE18.5
|b .A3545 1982
|
| 245 |
0 |
2 |
|a A Nonlinear analysis of liquid sloshing in rigid containers /
|c prepared for Office of University Research.
|
| 264 |
|
1 |
|a Washington, D.C. :
|b The Office :
|b U.S. Dept. of Transportation, Research and Special Programs Administration ;
|c 1982.
|
| 264 |
|
2 |
|a Springfield, Va. :
|b National Technical Information Service [distributor],
|
| 300 |
|
|
|a xxxviii, 603 pages :
|b illustrations, forms ;
|c 28 cm.
|
| 336 |
|
|
|a text
|b txt
|2 rdacontent
|
| 337 |
|
|
|a unmediated
|b n
|2 rdamedia
|
| 338 |
|
|
|a volume
|b nc
|2 rdacarrier
|
| 513 |
|
|
|a Final report.
|
| 500 |
|
|
|a Cover title.
|
| 500 |
|
|
|a "Department of Civil Engineering, Texas A&M University"--Tech. rept. std. title page.
|
| 500 |
|
|
|a Distributed to depository libraries in microfiche.
|
| 500 |
|
|
|a "March 1982."
|
| 504 |
|
|
|a Includes bibliographical references.
|
| 536 |
|
|
|b DOT-RC-92037.
|
| 500 |
|
|
|a "DOT/RSPA/DMA-50/82/1."
|
| 590 |
|
|
|a Evans copy missing p. i-xxxvii.
|
| 650 |
|
0 |
|a Sloshing (Hydrodynamics)
|
| 650 |
|
0 |
|a Liquefied natural gas
|x Transportation.
|
| 710 |
1 |
|
|a United States.
|b Department of Transportation.
|b Office of University Research.
|
| 710 |
2 |
|
|a Texas A & M University.
|b Department of Civil Engineering.
|
| 999 |
|
|
|a MARS
|
| 999 |
f |
f |
|s e215590c-194c-33f3-b64d-1981fed3fca0
|i d1a1ee51-a630-3ba0-82a4-dce13941dc55
|t 0
|
| 952 |
f |
f |
|p noncirc
|a Texas A&M University
|b College Station
|c Cushing Memorial Library & Archives
|d Cushing: Texas A&M (Does not check out)
|t 0
|e HE18.5 .A3545 1982
|h Library of Congress classification
|i unmediated -- volume
|
| 952 |
f |
f |
|p normal
|a Texas A&M University
|b College Station
|c Sterling C. Evans Library
|d Evans: US Documents (Annex 5th floor)
|t 0
|e TD 10.11:50/82/1
|h Superintendent of Documents classification
|i unmediated -- volume
|m A14825620513
|
| 952 |
f |
f |
|p ric
|a Texas A&M University
|b Rellis Campus
|c Joint Library Facility
|d Remote Storage
|t 0
|e HE18.5 .A3545 1982
|h Library of Congress classification
|i unmediated -- volume
|m A14823983850
|
| 998 |
f |
f |
|a HE18.5 .A3545 1982
|t 0
|l Cushing: Texas A&M (Does not check out)
|
| 998 |
f |
f |
|a TD 10.11:50/82/1
|t 0
|l Evans: US Documents (Annex 5th floor)
|
| 998 |
f |
f |
|a HE18.5 .A3545 1982
|t 0
|l Remote Storage
|